00338nam a2200109Ia 4500008004100000082000800041100001500049245004600064942000600110952009700116999001500213240331s9999 xx 000 0 und d bSAM aSambandam, 0aTamil pazha mozhigalinsuvaiyana seithigal cL 001040708LaWERCLbWERCLcSSCd2024-03-31l0o 398.9 SAMp2594r2024-03-31w2024-03-31yL c3643d3643